[Event "Collado Villalba op 39th"]
[Site "Collado Villalba"]
[Date "2022.08.26"]
[Round "7"]
[White "Rodriguez Gomez, Jose Antonio"]
[Black "Fernandez Rios, Jose Francisco"]
[Result "0-1"]
[WhiteElo "1521"]
[BlackElo "1705"]
[PlyCount "100"]
[EventDate "2022.08.20"]
[EventType "swiss"]
[EventRounds "9"]
[EventCountry "ESP"]
[SourceTitle "EXT 2023"]
[Source "ChessBase"]
[SourceDate "2022.10.05"]
[SourceVersion "1"]
[SourceVersionDate "2022.10.05"]
[SourceQuality "1"]

1. e4 c5 2. Nf3 g6 3. c3 d5 4. exd5 Qxd5 5. Be2 Bg7 6. d3 Nc6 7. 0-0 Nf6 8. Re1 0-0 9. Nbd2 b6 10. Nf1 Ba6 11. Ne3 Qd7 12. Qc2 Rfd8 13. Rd1 Rac8 14. Rb1 e6 15. Nf1 Nd5 16. Bg5 f6 17. Bh4 Nf4 18. Ne1 Ne5 19. Bg3 Nxe2+ 20. Qxe2 Nxd3 21. Qf3 Qd5 22. Qxd5 Rxd5 23. Ne3 Rdd8 24. c4 Nxe1 25. Rxe1 Rd2 26. a3 Rcd8 27. b3 Kf7 28. Bf4 e5 29. Bg3 Bb7 30. b4 Bf8 31. Kf1 h6 32. b5 R8d3 33. a4 Ra3 34. Rbd1 Raa2 35. Rxd2 Rxd2 36. Ra1 Ke6 37. f3 f5 38. Be1 Rd4 39. Rc1 e4 40. f4 g5 41. g3 gxf4 42. gxf4 Bd6 43. Bg3 Rd3 44. Nd1 Rf3+ 45. Ke2 Bxf4 46. Bxf4 Rxf4 47. Ra1 Rh4 48. a5 Rxh2+ 49. Ke3 Rh3+ 50. Kf4 Rf3# 0-1

[Event "Collado Villalba op 39th"]
[Site "Collado Villalba"]
[Date "2022.08.21"]
[Round "2"]
[White "Rodriguez Gomez, Jose Antonio"]
[Black "Hernandez Gutierrez, Jose"]
[Result "1/2-1/2"]
[WhiteElo "1521"]
[BlackElo "1751"]
[PlyCount "144"]
[EventDate "2022.08.20"]
[EventType "swiss"]
[EventRounds "9"]
[EventCountry "ESP"]
[SourceTitle "EXT 2023"]
[Source "ChessBase"]
[SourceDate "2022.10.05"]
[SourceVersion "1"]
[SourceVersionDate "2022.10.05"]
[SourceQuality "1"]

1. e4 c6 2. d4 d5 3. Nc3 dxe4 4. Nxe4 Nd7 5. Bc4 Ngf6 6. Qe2 Nxe4 7. Qxe4 Nf6 8. Qd3 g6 9. Nf3 Bg7 10. c3 0-0 11. 0-0 Bf5 12. Qd1 Bg4 13. h3 Bxf3 14. Qxf3 Nd5 15. Bg5 Qd7 16. Rfe1 e6 17. Rad1 b5 18. Bb3 a5 19. a3 Rab8 20. Bh4 Rb7 21. Bg3 Rc8 22. Be5 Qd8 23. Bxg7 Kxg7 24. Qe4 Rd7 25. Rd3 c5 26. dxc5 Rxc5 27. Qd4+ Nf6 28. Qxc5 Rxd3 29. Qxb5 Rd2 30. Ba4 Qe7 31. Rd1 Ne4 32. Rxd2 Nxd2 33. Qe2 Qd6 34. Bc2 Qd5 35. Bd3 Qg5 36. b4 axb4 37. axb4 Nb3 38. Bc4 Qc1+ 39. Kh2 Qxc3 40. Bxb3 Qxb3 41. b5 Qb4 42. g3 Kf8 43. Qe5 Qd2 44. Kg2 Qd8 45. Qc5+ Ke8 46. Kh2 Qd7 47. b6 Qb7 48. Qa5 Kd7 49. Qb5+ Kd8 50. Qc5 Kd7 51. Qb5+ Kd8 52. Qd3+ Kc8 53. Qd6 Qd7 54. b7+ Qxb7 55. Qf8+ Kc7 56. Qxf7+ Kc8 57. Qxe6+ Qd7 58. Qa6+ Kd8 59. Qa8+ Ke7 60. Qe4+ Kf8 61. h4 Kg7 62. g4 Qc7+ 63. f4 Qa7 64. Kg3 Qg1+ 65. Qg2 Qe3+ 66. Qf3 Qe1+ 67. Kh3 Qe6 68. f5 gxf5 69. gxf5 Qc8 70. Kg4 Kf6 71. h5 Qg8+ 72. Kf4 Qb8+ 1/2-1/2

[Event "Collado Villalba op 38th"]
[Site "Collado Villalba"]
[Date "2021.08.29"]
[Round "9"]
[White "Rodriguez Gomez, Jose Antonio"]
[Black "Ruiz Grau, David"]
[Result "0-1"]
[WhiteElo "1525"]
[BlackElo "1358"]
[PlyCount "78"]
[EventDate "2021.08.21"]
[EventType "swiss"]
[EventRounds "9"]
[EventCountry "ESP"]
[SourceTitle "EXT 2022"]
[Source "ChessBase"]
[SourceDate "2021.10.06"]
[SourceVersion "1"]
[SourceVersionDate "2021.10.06"]
[SourceQuality "1"]

1. e4 c5 2. c4 d6 3. Nf3 Bg4 4. Be2 Bxf3 5. Bxf3 Nc6 6. g3 g6 7. Nc3 Bg7 8. Ne2 Qc7 9. Rb1 e6 10. a3 Rb8 11. 0-0 Ne5 12. Bg2 Nxc4 13. Qa4+ b5 14. Qc2 Ne7 15. d3 Nb6 16. Bf4 0-0 17. Rfc1 Rfc8 18. Qd2 Nc6 19. b4 c4 20. dxc4 Nxc4 21. Qa2 Nd4 22. Nxd4 Bxd4 23. Bf1 Qb6 24. Rb3 e5 25. Bd2 Bxf2+ 26. Kg2 Nxd2 27. Rxc8+ Rxc8 28. Qxd2 Bd4 29. Rf3 a6 30. Qa2 Qc7 31. Kh3 Qd7+ 32. Kg2 Rc7 33. Be2 Kg7 34. Bd1 f6 35. Qb3 Rc1 36. Rd3 Qc6 37. Bf3 Qc2+ 38. Kh3 Qxb3 39. Rxb3 Rc3 0-1

[Event "Collado Villalba op 38th"]
[Site "Collado Villalba"]
[Date "2021.08.26"]
[Round "6"]
[White "Orta Vazquez, Mario"]
[Black "Rodriguez Gomez, Jose Antonio"]
[Result "1/2-1/2"]
[WhiteElo "1390"]
[BlackElo "1525"]
[PlyCount "39"]
[EventDate "2021.08.21"]
[EventType "swiss"]
[EventRounds "9"]
[EventCountry "ESP"]
[SourceTitle "CBM 204 Extra"]
[Source "ChessBase"]
[SourceDate "2021.11.30"]
[SourceVersion "1"]
[SourceVersionDate "2021.11.30"]
[SourceQuality "1"]

1. Nf3 Nf6 2. b3 g6 3. Bb2 Bg7 4. e4 d6 5. d3 0-0 6. Be2 e5 7. 0-0 Nc6 8. Nbd2 Nh5 9. c4 Nf4 10. Re1 Nxe2+ 11. Qxe2 f5 12. exf5 Bxf5 13. Ne4 Bg4 14. h3 Bxf3 15. gxf3 Qh4 16. Kg2 b6 17. Ng3 Nd4 18. Bxd4 Qxd4 19. Qe4 Qxe4 20. dxe4 1/2-1/2

[Event "Collado Villalba op 38th"]
[Site "Collado Villalba"]
[Date "2021.08.25"]
[Round "5"]
[White "Rodriguez Gomez, Jose Antonio"]
[Black "De Diego Ferrer, Emilio"]
[Result "0-1"]
[WhiteElo "1525"]
[BlackElo "1819"]
[PlyCount "120"]
[EventDate "2021.08.21"]
[EventType "swiss"]
[EventRounds "9"]
[EventCountry "ESP"]
[SourceTitle "CBM 204 Extra"]
[Source "ChessBase"]
[SourceDate "2021.11.30"]
[SourceVersion "1"]
[SourceVersionDate "2021.11.30"]
[SourceQuality "1"]

1. e4 d5 2. exd5 Nf6 3. d4 Nxd5 4. Nf3 Bg4 5. c3 c6 6. Be2 Nd7 7. 0-0 e6 8. Bg5 Qc7 9. Nbd2 Bd6 10. Nc4 Bf4 11. Bxf4 Nxf4 12. h3 Bh5 13. Qd2 b5 14. Nce5 Nxe5 15. dxe5 Nd5 16. Nd4 Bg6 17. c4 bxc4 18. Bxc4 0-0 19. Rac1 Ne7 20. Qe2 Qb6 21. Nb3 a5 22. Bd3 Bxd3 23. Qxd3 a4 24. Nd4 Rfd8 25. Rfd1 c5 26. Qb5 Qxb5 27. Nxb5 Rxd1+ 28. Rxd1 Rb8 29. b3 axb3 30. axb3 Ng6 31. Nc7 Nxe5 32. Na6 Rc8 33. Nxc5 g6 34. b4 Rb8 35. Rb1 Rb5 36. Kf1 Nc6 37. Nd3 Kg7 38. Ke2 e5 39. Ke3 f5 40. f3 h6 41. g4 Kf6 42. Rc1 Nxb4 43. Nxb4 Rxb4 44. Rc6+ Kg5 45. h4+ Kxh4 46. Rxg6 f4+ 47. Kd3 Kg3 48. Rxh6 Kxf3 49. g5 e4+ 50. Kd2 Rb2+ 51. Ke1 Ke3 52. Rd6 Rg2 53. Kf1 Rxg5 54. Ra6 f3 55. Ra3+ Kf4 56. Ra4 Rd5 57. Kf2 Rd2+ 58. Ke1 Rb2 59. Kf1 Kg3 60. Rxe4 Rb1+ 0-1

[Event "Collado Villalba-B 37th"]
[Site "Collado Villalba"]
[Date "2020.08.22"]
[Round "2"]
[White "Rodriguez Gomez, Jose Antonio"]
[Black "Munoz Morato, Miguel"]
[Result "0-1"]
[WhiteElo "1544"]
[BlackElo "1762"]
[PlyCount "72"]
[EventDate "2020.08.22"]
[EventType "tourn"]
[EventRounds "9"]
[EventCountry "ESP"]
[SourceTitle "CBM 198 Extra"]
[Source "ChessBase"]
[SourceDate "2020.11.30"]
[SourceVersion "1"]
[SourceVersionDate "2020.11.30"]
[SourceQuality "1"]

1. e4 c5 2. c4 Nc6 3. Nc3 g6 4. Nf3 Bg7 5. Rb1 d6 6. d3 e5 7. Be2 Nge7 8. 0-0 0-0 9. a3 a5 10. h3 h6 11. Be3 Kh7 12. Nh2 f5 13. f4 Be6 14. Nd5 Nd4 15. Nf3 Nec6 16. fxe5 dxe5 17. Nc3 Nxe2+ 18. Nxe2 fxe4 19. dxe4 Qxd1 20. Rbxd1 Bxc4 21. Rfe1 Bxe2 22. Rxe2 Nd4 23. Rf2 Rad8 24. Rc1 b6 25. Rc4 Nb5 26. Ra4 Rd1+ 27. Kh2 Rd3 28. Bc1 Nd4 29. Kg3 Nb3 30. Rc4 b5 31. Rcc2 Rfd8 32. Bd2 b4 33. Re2 Nd4 34. Be1 Nxe2+ 35. Rxe2 bxa3 36. Bc3 a2 0-1

[Event "Colmenarejo Autumn op 29th"]
[Site "Colmenarejo"]
[Date "2019.09.29"]
[Round "3"]
[White "Criado Herrero, Luis"]
[Black "Rodriguez Gomez, Jose Antonio"]
[Result "0-1"]
[WhiteElo "1407"]
[BlackElo "1533"]
[PlyCount "58"]
[EventDate "2019.09.15"]
[EventType "swiss"]
[EventRounds "7"]
[EventCountry "ESP"]
[SourceTitle "EXT 2021"]
[Source "ChessBase"]
[SourceDate "2020.10.23"]
[SourceVersion "1"]
[SourceVersionDate "2020.10.23"]
[SourceQuality "1"]

1. e4 e5 2. Nf3 Nc6 3. Bb5 a6 4. Ba4 Nf6 5. d3 Be7 6. c3 d6 7. Nbd2 0-0 8. 0-0 b5 9. Bb3 Na5 10. Bc2 c5 11. b4 cxb4 12. cxb4 Nc6 13. a3 Bg4 14. Qe1 Rc8 15. Bb3 Nh5 16. Qe3 Nd4 17. Nxd4 exd4 18. Qe1 Nf4 19. f3 Nxd3 20. Qg3 Be6 21. f4 Rc3 22. Bxe6 fxe6 23. Nf3 Nxc1 24. Rfxc1 Qb6 25. Kh1 Rfc8 26. Re1 d3 27. Qg4 d5 28. exd5 exd5 29. Rxe7 Rc1+ 0-1

[Event "Collado Villalba op-B 36th"]
[Site "Collado Villalba"]
[Date "2019.08.28"]
[Round "6"]
[White "Rodriguez Gomez, Jose Antonio"]
[Black "Minguez Greciano, Iluminada"]
[Result "0-1"]
[WhiteElo "1532"]
[BlackElo "1818"]
[PlyCount "78"]
[EventDate "2019.08.23"]
[EventType "swiss"]
[EventRounds "9"]
[EventCountry "ESP"]
[SourceTitle "CBM 192 Extra"]
[Source "Chessbase"]
[SourceDate "2019.11.06"]
[SourceVersion "1"]
[SourceVersionDate "2019.11.06"]
[SourceQuality "1"]

1. e4 c6 2. d4 d5 3. exd5 cxd5 4. Nf3 Bg4 5. Be2 Nc6 6. c3 Nf6 7. 0-0 e6 8. Bf4 Bxf3 9. Bxf3 Be7 10. Nd2 0-0 11. Re1 Rc8 12. Nf1 Nd7 13. Ng3 Nb6 14. Rc1 Nc4 15. b3 N4a5 16. c4 Ba3 17. Rc2 Nb4 18. Rce2 dxc4 19. bxc4 Rxc4 20. Be3 Nd5 21. Bxd5 Qxd5 22. Qd3 Be7 23. Ne4 Rfc8 24. f3 e5 25. Rd1 f5 26. Nf2 f4 27. Bd2 Rxd4 28. Qf5 Rc5 29. Ne4 g6 30. Qg4 Rc2 31. Kf1 Nc4 32. Rde1 Nxd2+ 33. Nxd2 Rdxd2 34. Rxe5 Qc4+ 35. Kg1 Rxg2+ 36. Qxg2 Rxg2+ 37. Kxg2 Bc5 38. R1e2 Be3 39. Re4 Qxe2+ 0-1

[Event "Collado Villalba op-B 36th"]
[Site "Collado Villalba"]
[Date "2019.08.25"]
[Round "3"]
[White "Villodre Miranda, Juan Alonso"]
[Black "Rodriguez Gomez, Jose Antonio"]
[Result "0-1"]
[WhiteElo "1672"]
[BlackElo "1532"]
[PlyCount "101"]
[EventDate "2019.08.23"]
[EventType "swiss"]
[EventRounds "9"]
[EventCountry "ESP"]
[SourceTitle "CBM 192 Extra"]
[Source "Chessbase"]
[SourceDate "2019.11.06"]
[SourceVersion "1"]
[SourceVersionDate "2019.11.06"]
[SourceQuality "1"]

1. c4 Nf6 2. Nc3 g6 3. e4 d6 4. g3 Bg7 5. Bg2 0-0 6. Nge2 e5 7. d3 Nc6 8. h3 Be6 9. 0-0 Qc8 10. Kh2 Nd7 11. f4 f5 12. exf5 Bxf5 13. Bd5+ Kh8 14. g4 Bxg4 15. hxg4 Nf6 16. f5 Nxg4+ 17. Kg3 gxf5 18. Bf3 f4+ 19. Kg2 Bh6 20. Rh1 Rg8 21. Kf1 Qf8 22. Ng1 Ne3+ 23. Bxe3 fxe3 24. Nce2 Re8 25. Qe1 Nd4 26. Nxd4 exd4 27. Qh4 Rxg1+ 28. Rxg1 Qxf3+ 29. Ke1 Rf8 30. Qxd4+ Rf6 31. Qh4 Bg5 32. Qg3 Qxg3+ 33. Rxg3 Bh4 34. Ke2 Bxg3 35. Kxe3 h5 36. b4 h4 37. Rh1 Rf2 38. a4 Rb2 39. b5 b6 40. Ke4 Ra2 41. Kf3 Rxa4 42. Rf1 Kg7 43. Kg4 d5 44. Kh3 dxc4 45. dxc4 Rxc4 46. Rf5 Kg6 47. Rd5 Rc5 48. Rd8 Rxb5 49. Rc8 a5 50. Rg8+ Kf7 51. Ra8 0-1

[Event "Colmenarejo Autumn op 25th"]
[Site "Colmenarejo"]
[Date "2018.10.21"]
[Round "6"]
[White "Rodriguez Gomez, Jose Antonio"]
[Black "Olmedo Alvarez, Marcos"]
[Result "1-0"]
[WhiteElo "1534"]
[BlackElo "1321"]
[PlyCount "80"]
[EventDate "2018.09.16"]
[EventType "swiss"]
[EventRounds "7"]
[EventCountry "ESP"]
[SourceTitle "CBM 187 Extra"]
[Source "ChessBase"]
[SourceDate "2018.11.04"]
[SourceVersion "1"]
[SourceVersionDate "2018.11.04"]
[SourceQuality "1"]

1. e4 e5 2. Nf3 Nc6 3. Bb5 f5 4. Nc3 fxe4 5. Nxe4 d5 6. Ng3 e4 7. Nd4 Nf6 8. Nxc6 bxc6 9. Bxc6+ Bd7 10. Bxa8 Qxa8 11. d3 Be7 12. 0-0 0-0 13. dxe4 dxe4 14. Be3 Bg4 15. Qd4 Kh8 16. b4 Bd6 17. c4 Rd8 18. Qxa7 Qc8 19. a3 h5 20. h3 Bxh3 21. Bg5 Be5 22. Rad1 Rf8 23. Qe3 Qg4 24. Bxf6 Bxf6 25. gxh3 Qxh3 26. Qxe4 Bh4 27. Qg2 Qg4 28. Rd3 Bf6 29. Nxh5 Qxg2+ 30. Kxg2 Bb2 31. a4 g6 32. Ng3 Rf4 33. Rb1 Bf6 34. c5 Kg8 35. a5 Be5 36. a6 Rf8 37. Rbd1 Bf6 38. Rd7 Ra8 39. b5 c6 40. R7d6 Be7 1-0

[Event "Colmenarejo Autumn op 25th"]
[Site "Colmenarejo"]
[Date "2018.09.30"]
[Round "3"]
[White "Alvarez Alba, Diego"]
[Black "Rodriguez Gomez, Jose Antonio"]
[Result "1/2-1/2"]
[WhiteElo "1486"]
[BlackElo "1534"]
[PlyCount "125"]
[EventDate "2018.09.16"]
[EventType "swiss"]
[EventRounds "7"]
[EventCountry "ESP"]
[SourceTitle "CBM 187 Extra"]
[Source "ChessBase"]
[SourceDate "2018.11.04"]
[SourceVersion "1"]
[SourceVersionDate "2018.11.04"]
[SourceQuality "1"]

1. e4 e5 2. f4 Nc6 3. Nf3 Bd6 4. Bc4 Nf6 5. fxe5 Nxe5 6. Nxe5 Bxe5 7. d4 Nxe4 8. Bxf7+ Kxf7 9. Qh5+ g6 10. 0-0+ Bf6 11. Qd5+ Kg7 12. Qxe4 d5 13. Qf4 Rf8 14. c3 Bf5 15. Nd2 Bg5 16. Qg3 Rf7 17. Nf3 Bf6 18. Bd2 c6 19. Ng5 Bxg5 20. Bxg5 Qd7 21. Qe5+ Kg8 22. Rae1 Bd3 23. Rf6 Rxf6 24. Bxf6 Be4 25. Qg3 h5 26. Rxe4 dxe4 27. Qxg6+ Kf8 28. Qh6+ Kf7 29. Qg7+ Ke6 30. Qg6 Qf7 31. Qxf7+ Kxf7 32. Be5 Ke6 33. Kf2 c5 34. Ke3 cxd4+ 35. Kxe4 dxc3 36. Bxc3 Rf8 37. Ke3 Kd5 38. h3 b5 39. g4 hxg4 40. hxg4 Ke6 41. g5 Kf5 42. Bf6 Rc8 43. Kd2 a5 44. a3 Rc4 45. Kd3 Rg4 46. Bd8 b4 47. Bxa5 bxa3 48. bxa3 Rg3+ 49. Kc4 Rxa3 50. Bd8 Ke5 51. Kb4 Rf3 52. Bf6+ Kd5 53. Bg7 Rg3 54. Bf6 Rg4+ 55. Kb5 Rc4 56. Be7 Rc6 57. Bf6 Rc8 58. Kb4 Rb8+ 59. Kc3 Rg8 60. Kd3 Re8 61. Kc3 Re4 62. Kd3 Re6 63. Kc3 1/2-1/2

[Event "Colmenarejo Autumn op 25th"]
[Site "Colmenarejo"]
[Date "2018.09.16"]
[Round "1"]
[White "Rodriguez Gomez, Jose Antonio"]
[Black "Lopez Perolio, Jorge"]
[Result "0-1"]
[WhiteElo "1534"]
[BlackElo "1973"]
[PlyCount "88"]
[EventDate "2018.09.16"]
[EventType "swiss"]
[EventRounds "7"]
[EventCountry "ESP"]
[SourceTitle "CBM 187 Extra"]
[Source "ChessBase"]
[SourceDate "2018.11.04"]
[SourceVersion "1"]
[SourceVersionDate "2018.11.04"]
[SourceQuality "1"]

1. e4 e5 2. Nf3 Nc6 3. Bb5 a6 4. Ba4 Nf6 5. d3 b5 6. Bb3 Be7 7. c3 0-0 8. 0-0 d6 9. h3 Na5 10. Bc2 c5 11. a4 Bd7 12. axb5 axb5 13. Be3 Re8 14. Nbd2 Qc7 15. d4 c4 16. d5 h6 17. Ne1 Nb7 18. Rxa8 Rxa8 19. f4 Ra2 20. Qc1 Nh5 21. Bb1 Ra8 22. f5 Nf6 23. Rf3 Nc5 24. Rg3 Nh5 25. Rf3 Ra1 26. Nc2 Nd3 27. Qf1 Ra8 28. Na3 Nxb2 29. Qc1 Na4 30. Nc2 Nxc3 31. Qe1 Nxb1 32. Qxb1 c3 33. Nf1 Nf6 34. Ng3 Qc4 35. Nb4 Ra4 36. Nc2 Kh7 37. Bf2 b4 38. Ne3 Qa6 39. Qb3 Bb5 40. Nc2 Bc4 41. Qb1 b3 42. Rxc3 bxc2 43. Qxc2 Nd7 44. Nf1 Bxf1 0-1

[Event "Collado Villalba op-B 35th"]
[Site "Collado Villalba"]
[Date "2018.08.31"]
[Round "8"]
[White "Ariza del Castillo, Pablo"]
[Black "Rodriguez Gomez, Jose Antonio"]
[Result "0-1"]
[WhiteElo "1170"]
[BlackElo "1534"]
[PlyCount "138"]
[EventDate "2018.08.24"]
[EventType "swiss"]
[EventRounds "9"]
[EventCountry "ESP"]
[SourceTitle "CBM 186 Extra"]
[Source "ChessBase"]
[SourceDate "2018.08.24"]
[SourceVersion "1"]
[SourceVersionDate "2018.08.24"]
[SourceQuality "1"]

1. d4 d5 2. c4 e6 3. Nc3 Nf6 4. cxd5 exd5 5. g3 c6 6. Bg2 Be7 7. Nf3 0-0 8. 0-0 Nbd7 9. Ne5 Re8 10. f4 Nf8 11. e4 dxe4 12. Nxe4 Nxe4 13. Bxe4 Bf6 14. Be3 Be6 15. Qf3 Bd5 16. Bxd5 Qxd5 17. Qxd5 cxd5 18. Rac1 Bd8 19. Rc5 f6 20. Ng4 h5 21. Nxf6+ Bxf6 22. Kf2 Rad8 23. Rc7 Re7 24. Rc3 Rde8 25. Rd3 Rc8 26. Rd2 Rec7 27. Rfd1 Rc2 28. Kf3 Rxd2 29. Rxd2 Nd7 30. Ke2 a5 31. b3 Nb6 32. Kd3 a4 33. Rb2 Rc7 34. h3 axb3 35. axb3 Nc8 36. Ra2 Nd6 37. Ra5 b5 38. Ra6 Be7 39. g4 hxg4 40. hxg4 Ne4 41. Bd2 Nxd2 42. Kxd2 b4 43. Ra5 Rc3 44. Rxd5 Rxb3 45. Rd7 Kf8 46. d5 Ke8 47. Rb7 Rf3 48. f5 Rf4 49. d6 Rd4+ 50. Ke3 Rxd6 51. Rxb4 Bg5+ 52. Ke4 Rd1 53. Rb8+ Kf7 54. Rb7+ Kg8 55. Rb8+ Kh7 56. Rb2 Re1+ 57. Kf3 Re3+ 58. Kg2 Ra3 59. Rb4 Bf6 60. Re4 Kh6 61. Kh2 Kg5 62. Kg2 Kh4 63. Kf2 Rd3 64. Ke2 Rg3 65. Kf2 Rxg4 66. Kf3 Rxe4 67. Kxe4 Kg4 68. Ke3 Kxf5 69. Kf3 g5 0-1

[Event "Collado Villalba op-B 35th"]
[Site "Collado Villalba"]
[Date "2018.08.30"]
[Round "7"]
[White "Rodriguez Gomez, Jose Antonio"]
[Black "Rojas Fernandez, Antonio"]
[Result "1/2-1/2"]
[WhiteElo "1534"]
[BlackElo "1141"]
[PlyCount "94"]
[EventDate "2018.08.24"]
[EventType "swiss"]
[EventRounds "9"]
[EventCountry "ESP"]
[SourceTitle "CBM 186 Extra"]
[Source "ChessBase"]
[SourceDate "2018.08.24"]
[SourceVersion "1"]
[SourceVersionDate "2018.08.24"]
[SourceQuality "1"]

1. e4 e5 2. Nf3 Nc6 3. Nc3 Nf6 4. Bc4 Bc5 5. 0-0 0-0 6. d3 h6 7. a3 d6 8. h3 Be6 9. Bxe6 fxe6 10. Na4 Bb6 11. Nxb6 axb6 12. Nh2 d5 13. f3 Qd7 14. Qe1 Nd4 15. Qf2 dxe4 16. Qd2 exf3 17. Nxf3 Nxf3+ 18. Rxf3 Qd4+ 19. Qe3 Qxe3+ 20. Rxe3 Nd7 21. Rg3 Kh7 22. Bd2 Rf7 23. Rf1 Raf8 24. Rxf7 Rxf7 25. Re3 e4 26. Rxe4 Nc5 27. Rc4 c6 28. a4 e5 29. Be3 Ne6 30. b4 b5 31. axb5 cxb5 32. Re4 Nd4 33. Bxd4 exd4 34. Rxd4 Rc7 35. c4 bxc4 36. dxc4 b6 37. b5 Kg6 38. Rd6+ Kf5 39. Rc6 Rxc6 40. bxc6 Ke6 41. Kf2 Kd6 42. c7 Kxc7 43. Ke3 Kd6 44. Kd4 Kc6 45. g3 g6 46. Kd3 Kd6 47. Kd4 Kc6 1/2-1/2

[Event "Madrid Colmenarejo Autumn op 22nd"]
[Site "Madrid"]
[Date "2017.09.24"]
[Round "2"]
[White "Alonso Saiz, Luis"]
[Black "Rodriguez Gomez, Jose Antonio"]
[Result "0-1"]
[WhiteElo "1508"]
[BlackElo "1585"]
[PlyCount "66"]
[EventDate "2017.09.17"]
[EventType "swiss"]
[EventRounds "7"]
[EventCountry "ESP"]
[SourceTitle "EXT 2019"]
[Source "ChessBase"]
[SourceDate "2018.10.10"]
[SourceVersion "1"]
[SourceVersionDate "2018.10.10"]
[SourceQuality "1"]

1. e4 e5 2. Nf3 Nc6 3. d4 exd4 4. Bc4 d6 5. Nxd4 Ne5 6. Bb3 Nf6 7. Nd2 Be7 8. h3 0-0 9. 0-0 c5 10. N4f3 b5 11. a3 c4 12. Ba2 Bb7 13. Nxe5 dxe5 14. f3 Qb6+ 15. Kh1 Nh5 16. Qe1 Rad8 17. Nb1 Rd6 18. Be3 Qc7 19. Nc3 a6 20. Qf2 Rg6 21. Rad1 Ng3+ 22. Kg1 Nxf1 23. Kxf1 f5 24. Ne2 fxe4 25. Bb6 Qc8 26. Ng1 exf3 27. g4 e4 28. Be3 Rd8 29. Rxd8+ Qxd8 30. Bb1 Qd1+ 31. Qe1 Qxe1+ 32. Kxe1 Bh4+ 33. Kf1 Rd6 0-1

[Event "Madrid Colmenarejo Autumn op 22nd"]
[Site "Madrid"]
[Date "2017.09.17"]
[Round "1"]
[White "Rodriguez Gomez, Jose Antonio"]
[Black "Pena Negueruela, Francisco"]
[Result "1-0"]
[WhiteElo "1585"]
[BlackElo "1286"]
[PlyCount "61"]
[EventDate "2017.09.17"]
[EventType "swiss"]
[EventRounds "7"]
[EventCountry "ESP"]
[SourceTitle "EXT 2019"]
[Source "ChessBase"]
[SourceDate "2018.10.10"]
[SourceVersion "1"]
[SourceVersionDate "2018.10.10"]
[SourceQuality "1"]

1. e4 e5 2. Nf3 f6 3. c3 Nc6 4. d4 exd4 5. cxd4 Bb4+ 6. Nc3 Nge7 7. a3 Bxc3+ 8. bxc3 d5 9. Bd3 dxe4 10. Bxe4 Bg4 11. 0-0 f5 12. Bd3 a6 13. Re1 h6 14. Rb1 0-0 15. Rxb7 Nd5 16. Bc4 Na5 17. Bxd5+ Qxd5 18. Rxc7 Rac8 19. Bf4 Rxc7 20. Bxc7 Nc4 21. Qd3 a5 22. Ne5 Re8 23. h3 Bh5 24. Qxf5 Nxe5 25. Bxe5 Bf7 26. Qg4 g5 27. h4 Re6 28. hxg5 hxg5 29. Rb1 Rg6 30. Rb8+ Kh7 31. Rh8# 1-0

[Event "Collado Villalba op-B 34th"]
[Site "Collado Villalba"]
[Date "2017.08.23"]
[Round "2"]
[White "Rodriguez Gomez, Jose Antonio"]
[Black "Rodriguez del Moral, Angel"]
[Result "1/2-1/2"]
[WhiteElo "1585"]
[BlackElo "1769"]
[PlyCount "73"]
[EventDate "2017.08.22"]
[EventType "swiss"]
[EventRounds "9"]
[EventCountry "ESP"]
[SourceTitle "CBM 180 Extra"]
[Source "ChessBase"]
[SourceDate "2017.10.06"]
[SourceVersion "1"]
[SourceVersionDate "2017.10.06"]
[SourceQuality "1"]

1. e4 e6 2. d4 d5 3. exd5 exd5 4. Nf3 Nf6 5. Bg5 Be7 6. Bd3 Bg4 7. 0-0 0-0 8. Re1 h6 9. Bh4 g5 10. Bg3 Nh5 11. h3 Bd7 12. Bh2 Ng7 13. Ne5 Bd6 14. Nxd7 Bxh2+ 15. Kxh2 Nxd7 16. Nd2 Qf6 17. Nf3 Rae8 18. c3 Rxe1 19. Qxe1 Re8 20. Qd2 Kf8 21. Re1 Rxe1 22. Qxe1 Qf4+ 23. Kg1 g4 24. hxg4 Qxg4 25. Qe3 Qe6 26. Nh4 Qf6 27. g3 Qg6 28. f4 Qg4 29. Be2 Qh3 30. Bf1 Qe6 31. Kf2 Nf6 32. Qxe6 Nxe6 33. Bh3 Ng7 34. Bc8 Ne4+ 35. Kf3 Nd6 36. Bd7 Ke7 37. Bh3 1/2-1/2

[Event "Colmenarejo Autumn op"]
[Site "Colmenarejo"]
[Date "2016.10.30"]
[Round "6"]
[White "Rodriguez Gomez, Jose Antonio"]
[Black "De Andres Senra, Sergio Ivan"]
[Result "1/2-1/2"]
[WhiteElo "1589"]
[BlackElo "1642"]
[PlyCount "112"]
[EventDate "2016.09.25"]
[EventType "swiss"]
[EventRounds "7"]
[EventCountry "ESP"]
[SourceTitle "EXT 2019"]
[Source "ChessBase"]
[SourceDate "2018.10.10"]
[SourceVersion "1"]
[SourceVersionDate "2018.10.10"]
[SourceQuality "1"]

1. e4 c6 2. d4 d5 3. e5 Bf5 4. Bd3 Bxd3 5. Qxd3 e6 6. Nf3 c5 7. c3 cxd4 8. cxd4 Qb6 9. a3 Ne7 10. Nc3 a6 11. b4 Nd7 12. 0-0 a5 13. Rb1 Rc8 14. Nb5 Ng6 15. bxa5 Qxa5 16. Bd2 Qa4 17. Bb4 Rc4 18. Bxf8 Kxf8 19. Nd6 Ke7 20. Nxc4 Nf4 21. Qb3 Qxc4 22. Qxc4 dxc4 23. g3 Nd5 24. Rxb7 Ra8 25. Ra1 c3 26. Ne1 Kd8 27. Nc2 Kc8 28. Rb3 N7b6 29. Nb4 Nxb4 30. Rxb4 Nd5 31. Rc4+ Kd7 32. a4 f6 33. f4 Ra7 34. Kf2 Rb7 35. Rc1 Rb2+ 36. Kg1 Ra2 37. R1xc3 Nxc3 38. Rxc3 Rxa4 39. Rd3 Ra1+ 40. Kg2 Ra2+ 41. Kh3 Kc6 42. g4 Kd5 43. exf6 gxf6 44. Re3 Rd2 45. f5 exf5 46. gxf5 Rf2 47. Re7 Rxf5 48. Rxh7 Kxd4 49. Re7 Rh5+ 50. Kg3 Kd5 51. h4 Kd6 52. Re8 f5 53. Kh3 Kd7 54. Re1 Rh8 55. Kg3 Rh5 56. Kh3 Rh8 1/2-1/2

[Event "Colmenarejo Autumn op"]
[Site "Colmenarejo"]
[Date "2016.10.23"]
[Round "5"]
[White "Rodriguez Gomez, Jose Antonio"]
[Black "Olmedo Aznar, Eduardo"]
[Result "1/2-1/2"]
[WhiteElo "1589"]
[BlackElo "1380"]
[PlyCount "93"]
[EventDate "2016.09.25"]
[EventType "swiss"]
[EventRounds "7"]
[EventCountry "ESP"]
[SourceTitle "EXT 2019"]
[Source "ChessBase"]
[SourceDate "2018.10.10"]
[SourceVersion "1"]
[SourceVersionDate "2018.10.10"]
[SourceQuality "1"]

1. e4 Nf6 2. Nc3 e5 3. Nf3 Nc6 4. Bc4 Bc5 5. d3 d6 6. Bg5 h6 7. Bh4 Be6 8. Nd5 Bxd5 9. Bxd5 Qd7 10. Bxf6 gxf6 11. Nh4 Ne7 12. Bb3 h5 13. Qf3 Rh6 14. 0-0-0 Qg4 15. Qg3 Qxg3 16. fxg3 Rh7 17. Rhf1 Be3+ 18. Kb1 Bg5 19. Nf5 Nxf5 20. Rxf5 Ke7 21. h4 Be3 22. Rdf1 Rh6 23. R1f3 Bg1 24. c3 Rg8 25. Bd1 Bh2 26. d4 Bxg3 27. dxe5 dxe5 28. Rd3 Bxh4 29. Rh3 Bg5 30. Bxh5 Rgh8 31. g4 Rd8 32. Rf2 Rd1+ 33. Kc2 Re1 34. Kd3 Rd1+ 35. Kc2 Rd6 36. Rd2 Rh8 37. Rdd3 Rhd8 38. Rxd6 Rxd6 39. c4 Rd4 40. b3 c5 41. Kc3 a5 42. Kc2 b6 43. a4 Ke6 44. Kc3 Rd1 45. Kc2 Rc1+ 46. Kb2 Rd1 47. Kc2 1/2-1/2